01050nam a22002657a 450000500170000001000150001702000260003203500130005803700130007108200140008410000230009824501140012126000460023527000730028130000280035450000670038265000550044965000520050465000390055665000360059565000390063165000390067065000390070965000360074820130501114047.0 aENG-106932 a9788177083200c835.00 aEN-90465 bDBAD/PUB a333.20954 a George, Rose Mary a Common property resources and human rights :cby Rose Mary George.b politics of water struggles in India /  aNew DelhibNew Century Publicationsc2012 a4800/24, Bharat Ram Road, Ansari Road, Darya GanjbNew Delhie110002 axxvii, 271p. c23cm(Hb) aIncludes bibliographical references (p. [249]-264) vand index. a Natural resources, Communalz Indiaz Plachimada. a Natural resources, Communalz IndiazSheonath. a Water-supplyz IndiazPlachimada. a Water-supplyzIndiazSheonath. aPrivatizationz IndiazPlachimada. a Privatizationz Indiaz Sheonath. a Water rightszIndiaz Plachimada. aWater rightszIndia zSheonath.